Gathering and writing the news

Gorde:
Xehetasun bibliografikoak
Egile nagusia: Jones, John Paul
Formatua: Liburua
Hizkuntza:ingelesa
Argitaratua: Burnham Inc 1976
Etiketak: Etiketa erantsi
Etiketarik gabe, Izan zaitez lehena erregistro honi etiketa jartzen!

MARC

LEADER 00000nam a2200000 4500
005 20240918193526.0
008 240724b |||||||| |||| 00| 0 eng d
020 |a 978-0882292434 
040 |c GP 
100 |a Jones, John Paul 
245 |a Gathering and writing the news 
260 |b Burnham Inc   |c 1976 
942 |2 ddc  |c BK  |n 0 
952 |0 0  |1 0  |2 ddc  |4 0  |6 810_016000000000000_JON  |7 1  |9 1710  |a RM  |b RM  |d 2024-07-24  |l 0  |o 810.016 JON  |p 471  |r 2024-07-24 17:20:20  |w 2024-07-24  |y BK 
999 |c 1523  |d 1523